| 000 | 00986nam a2200301uu 4500 | ||
|---|---|---|---|
| 999 |
_c200443269 _d61481 |
||
| 001 | 200443269 | ||
| 003 | TR-AnTOB | ||
| 005 | 20221107163952.0 | ||
| 007 | ta | ||
| 008 | 090925s1981 tu tur | ||
| 040 |
_aTR-AnTOB _beng _erda _cTR-AnTOB |
||
| 041 | 0 | _atur | |
| 050 | 4 |
_aHF5549.5.C67 _bS876 1981 |
|
| 090 |
_aHF5549.5.C67 _bS876 1981 |
||
| 100 | 1 |
_aSürmeli, Fevzi _eauthor _945699 |
|
| 245 | 1 |
_aKıdem tazminatının finansmanı ve muhasebeleştirilmesi / _cDoç. Dr. Fevzi Sürmeli. |
|
| 264 | 1 |
_aEskişehir : _bEskişehir İktisadi ve Ticari İlimler Akademisi, _c1981. |
|
| 300 |
_a207 pages ; _c24 cm. |
||
| 336 |
_2rdacontent _atext _btxt |
||
| 337 |
_2rdamedia _aunmediated _bn |
||
| 338 |
_2rdacarrier _avolume _bnc |
||
| 490 | 0 |
_aEskişehir İktisadi ve Ticari İlimler Akademisi Yayınları ; _vno. 234/155 |
|
| 504 | _aBIB | ||
| 650 | 7 |
_aTazminat yönetimi _2etuturkob _9139115 |
|
| 942 |
_2z _cBK |
||